书目信息 |
| 题名: |
审计基础知识习题集
|
|
| 作者: | 宫相荣 , 代玉芬 主编 | |
| 分册: | ||
| 出版信息: | 北京 中国财政经济出版社 2003 |
|
| 页数: | 293页 | |
| 开本: | 20cm | |
| 丛书名: | 中等职业教育国家规划教材配套辅导丛书 | |
| 单 册: | ||
| 中图分类: | F239.0-44 | |
| 科图分类: | ||
| 主题词: | 审计学--中等专业教育--习题 | |
| 电子资源: | ||
| ISBN: | 7-5005-6279-9 | |
| 000 | 00941oam2 2200277 450- | |
| 001 | 0100980925 | |
| 005 | 20040713160748.0 | |
| 010 | @a7-5005-6279-9@dCNY12.00 | |
| 011 | @a7-5005-6279-9 | |
| 100 | @a20031210d2003 em y0chiy0120 ea | |
| 101 | 0 | @achi |
| 102 | @aCN@b110000 | |
| 105 | @ay q 000yy | |
| 106 | @ar | |
| 200 | 1 | @a审计基础知识习题集@9Shen Ji Ji Chu Zhi Shi;Zhi Xi Ti Ji @e新版@f宫相荣,代玉芬主编@b专著 |
| 210 | @a北京@c中国财政经济出版社@d2003 | |
| 215 | @a293页@d20cm | |
| 225 | 2 | @a中等职业教育国家规划教材配套辅导丛书@i会计专业 |
| 330 | @a本书立足职业教育实际,针对审计准则和审计依据,审计程序与方法等基本理论,编写了同步练习题,以及模拟试题与答案。 | |
| 462 | 0 | @1001002223419 |
| 606 | 0 | @a审计学@x中等专业教育@x习题 |
| 690 | @aF239.0-44@v4 | |
| 701 | 0 | @a宫相荣@4主编@9gong xiang rong |
| 701 | 0 | @a代玉芬@4主编@9dai yu fen |
| 801 | 0 | @aCN@bAZmarc@c20230831 |
| 905 | @aBZT@dF239.0-44@e1@f1@sF239.0-44/1 | |
| 审计基础知识习题集:新版/宫相荣,代玉芬主编.-北京:中国财政经济出版社,2003 |
| 293页;20cm.-(中等职业教育国家规划教材配套辅导丛书.会计专业) |
| ISBN 7-5005-6279-9:CNY12.00 |
| 本书立足职业教育实际,针对审计准则和审计依据,审计程序与方法等基本理论,编写了同步练习题,以及模拟试题与答案。 |
| ● |
| 相关链接 |
|
|
|
正题名:审计基础知识习题集
索取号:F239.0-44/1
 
预约/预借
| 序号 | 登录号 | 条形码 | 馆藏地/架位号 | 状态 | 备注 |
| 1 | 2000055265 | 2000055265 | 旧书回溯/ [索取号:F239.0-44/1] | 在馆 |